[Event "Sant Miquel Olerdola op 14th"]
[Site "Sant Miquel Olerdola"]
[Date "2023.05.19"]
[Round "6"]
[White "Barrot Farre, Salvador"]
[Black "Roca Calaf, Jordi"]
[Result "0-1"]
[WhiteElo "1781"]
[BlackElo "2006"]
[PlyCount "56"]
[EventDate "2023.04.14"]
[EventType "swiss"]
[EventRounds "8"]
[EventCountry "ESP"]
[SourceTitle "EXT 2024"]
[Source "ChessBase"]
[SourceDate "2023.10.10"]
[SourceVersion "1"]
[SourceVersionDate "2023.10.10"]
[SourceQuality "1"]

1. Nf3 Nf6 2. c4 g6 3. b3 Bg7 4. Bb2 d6 5. g3 0-0 6. Bg2 c6 7. 0-0 e5 8. d3 Nbd7 9. Nbd2 a5 10. Qc2 Re8 11. Ng5 d5 12. cxd5 Nxd5 13. Nge4 f5 14. Nd6 Re6 15. Nxc8 Rxc8 16. Rac1 Re8 17. a3 f4 18. Nc4 Rf8 19. Bh3 fxg3 20. hxg3 b5 21. Be6+ Kh8 22. Bxd7 Qxd7 23. Nxe5 Qh3 24. e3 Nxe3 25. Nxg6+ hxg6 26. Bxg7+ Kxg7 27. fxe3 Qxg3+ 28. Qg2 Qxe3+ 0-1

[Event "Sant Miquel Olerdola op 14th"]
[Site "Sant Miquel Olerdola"]
[Date "2023.04.21"]
[Round "2"]
[White "Alegre Bosch, Blai"]
[Black "Roca Calaf, Jordi"]
[Result "1-0"]
[WhiteElo "1725"]
[BlackElo "2006"]
[PlyCount "87"]
[EventDate "2023.04.14"]
[EventType "swiss"]
[EventRounds "8"]
[EventCountry "ESP"]
[SourceTitle "EXT 2024"]
[Source "ChessBase"]
[SourceDate "2023.10.10"]
[SourceVersion "1"]
[SourceVersionDate "2023.10.10"]
[SourceQuality "1"]

1. e4 e5 2. Qh5 Nf6 3. Qxe5+ Be7 4. Qf4 d5 5. e5 Ne4 6. Nc3 Nc5 7. d4 Ne6 8. Qg4 0-0 9. Be3 Nc6 10. Qd1 f6 11. f4 fxe5 12. fxe5 Bg5 13. Bxg5 Qxg5 14. Nf3 Qg4 15. Ne2 Qe4 16. Qd2 Ne7 17. 0-0-0 c5 18. Nc3 Qg4 19. h3 Qf4 20. dxc5 Nxc5 21. Qxf4 Rxf4 22. Nxd5 Nxd5 23. Rxd5 b6 24. Rd8+ Kf7 25. Bb5 Bb7 26. Rhd1 Rxd8 27. Rxd8 Bxf3 28. gxf3 Rxf3 29. Bc4+ Ke7 30. Ra8 a5 31. Ra7+ Kf8 32. e6 Re3 33. Rf7+ Ke8 34. Rxg7 h5 35. Bb5+ Kf8 36. Rf7+ Kg8 37. Rf5 h4 38. Rf4 Ne4 39. b3 Nd6 40. Bd7 Rxh3 41. e7 Re3 42. Rf8+ Kg7 43. e8Q Nxe8 44. Rxe8 1-0

[Event "Vilafranca del Penedes op 13th"]
[Site "Vilafranca del Penedes"]
[Date "2019.05.17"]
[Round "6"]
[White "Roca Calaf, Jordi"]
[Black "Noria Silvestre, Joaquin"]
[Result "0-1"]
[WhiteElo "2055"]
[BlackElo "2305"]
[PlyCount "110"]
[EventDate "2019.03.29"]
[EventType "swiss"]
[EventRounds "9"]
[EventCountry "ESP"]
[SourceTitle "CBM 190 Extra"]
[Source "ChessBase"]
[SourceDate "2019.07.15"]
[SourceVersion "1"]
[SourceVersionDate "2019.07.15"]
[SourceQuality "1"]

1. e4 d6 2. d4 Nf6 3. Nc3 Nbd7 4. Nf3 e5 5. Bc4 Be7 6. 0-0 0-0 7. Qe2 c6 8. h3 b5 9. Bb3 a6 10. Rd1 Qc7 11. a3 Bb7 12. Be3 Rae8 13. dxe5 dxe5 14. Rd2 Nc5 15. Bxc5 Bxc5 16. Rad1 Bd4 17. Nxd4 exd4 18. Rxd4 c5 19. Rd6 c4 20. Ba2 Nxe4 21. Nxe4 Rxe4 22. Qd2 g6 23. f3 Qc5+ 24. Kf1 Re5 25. Qd4 Qxd4 26. R6xd4 Rfe8 27. b3 cxb3 28. Bxb3 R8e7 29. Rd7 Kg7 30. Rxe7 Rxe7 31. Kf2 Rc7 32. Rd6 Kf8 33. Rd4 Ke7 34. Rh4 h5 35. Rf4 f5 36. Rd4 Rc3 37. Rd3 Rxd3 38. cxd3 f4 39. h4 Kf6 40. d4 g5 41. hxg5+ Kxg5 42. Be6 Kf6 43. Bd7 Ke7 44. Bf5 Kd6 45. Ke2 Bd5 46. Kd3 a5 47. Kc3 Bc4 48. Bd3 Bxd3 49. Kxd3 Kd5 50. Kc3 b4+ 51. axb4 axb4+ 52. Kxb4 Kxd4 53. Kb5 Ke3 54. Kc4 Kf2 55. g4 fxg3 0-1

[Event "Martorell op 36th"]
[Site "Martorell"]
[Date "2018.10.27"]
[Round "6"]
[White "Oladiran Sharaibi, Olufemi"]
[Black "Roca Calaf, Jordi"]
[Result "0-1"]
[WhiteElo "2009"]
[BlackElo "2010"]
[PlyCount "126"]
[EventDate "2018.09.15"]
[EventType "swiss"]
[EventRounds "9"]
[EventCountry "ESP"]
[SourceTitle "CBM 189 Extra"]
[Source "ChessBase"]
[SourceDate "2019.06.03"]
[SourceVersion "1"]
[SourceVersionDate "2019.06.03"]
[SourceQuality "1"]

1. Nf3 Nf6 2. d4 c5 3. e3 e6 4. Bd3 d5 5. b3 Nc6 6. 0-0 Bd6 7. Bb2 0-0 8. Nbd2 a6 9. a3 b5 10. Ne5 Qc7 11. f4 c4 12. Be2 Ne7 13. c3 Nf5 14. Rf3 Bb7 15. Rh3 Ne4 16. Nxe4 dxe4 17. bxc4 f6 18. Ng4 bxc4 19. Nf2 Qc6 20. Bf1 g6 21. g4 Ne7 22. Qe2 Rac8 23. Bg2 f5 24. Kh1 Nd5 25. Qd2 Qb6 26. gxf5 exf5 27. Rg1 Rfe8 28. Nd1 Qb3 29. Qf2 Bxa3 30. Qh4 Re7 31. Bxa3 Qxa3 32. Bf1 Rg7 33. Rhg3 Qe7 34. Rg5 a5 35. Qf2 a4 36. Qa2 Nb6 37. Bh3 Rf8 38. Nf2 Bd5 39. Qb2 Qd6 40. Rb1 Rb7 41. Bg2 Nd7 42. Qa2 Rxb1+ 43. Qxb1 Rb8 44. Qa2 Qb6 45. h4 Qb1+ 46. Qxb1 Rxb1+ 47. Kh2 a3 48. h5 a2 49. hxg6 hxg6 50. Rxg6+ Kf7 51. Rd6 Nb6 52. Nh3 a1Q 53. Ng5+ Ke7 54. Rh6 Qxc3 55. Rh7+ Kd6 56. Rh6+ Kc7 57. Rh7+ Kc6 58. Nf7 Bxf7 59. Rxf7 Qxe3 60. Rxf5 Qg1+ 61. Kh3 Rb3+ 62. Kh4 Qxg2 63. d5+ Nxd5 0-1

[Event "Vilafranca del Penedes op 11th"]
[Site "Vilafranca del Penedes"]
[Date "2017.04.21"]
[Round "3"]
[White "Roca Calaf, Jordi"]
[Black "Lerch Gallemi, Jose Maria"]
[Result "0-1"]
[WhiteElo "2151"]
[BlackElo "2320"]
[PlyCount "94"]
[EventDate "2017.03.31"]
[EventType "swiss"]
[EventRounds "8"]
[EventCountry "ESP"]
[SourceTitle "EXT 2018"]
[Source "ChessBase"]
[SourceDate "2017.10.13"]
[SourceVersion "1"]
[SourceVersionDate "2017.10.13"]
[SourceQuality "1"]

1. e4 e5 2. Nf3 Qe7 3. Bc4 h6 4. 0-0 Nf6 5. Nc3 c6 6. d4 d6 7. h3 g5 8. Qd3 Nh5 9. dxe5 dxe5 10. Rd1 Nd7 11. g3 Qf6 12. Qe2 Nb6 13. Bb3 Bc5 14. Nxe5 Qxe5 15. Qxh5 Qxg3+ 16. Kh1 Qxh3+ 17. Qxh3 Bxh3 18. e5 Bf5 19. Ne2 Bg4 20. Re1 Nd7 21. Kg2 Ke7 22. f4 Rag8 23. Ng3 gxf4 24. Bxf4 h5 25. Ne4 Be6+ 26. Kh2 Rg6 27. Rad1 Rhg8 28. Rxd7+ Bxd7 29. Nxc5 Rg4 30. Bg3 Rxg3 31. Nxd7 Rg2+ 32. Kh3 R8g3+ 33. Kh4 Rg7 34. Kh3 R2g3+ 35. Kh4 R3g4+ 36. Kh3 Rg3+ 37. Kh4 Rg2 38. Kh3 Kxd7 39. Bxf7 Rg1 40. Rxg1 Rxg1 41. Bb3 Rg4 42. a4 Re4 43. e6+ Ke7 44. Kg3 Kf6 45. Kf3 Rg4 46. Ke3 h4 47. Kf3 h3 0-1

[Event "Vilafranca del Penedes op 8th"]
[Site "Vilafranca del Penedes"]
[Date "2014.05.23"]
[Round "8"]
[White "Tutusaus Marrugat, Carles"]
[Black "Roca Calaf, Jordi"]
[Result "1-0"]
[WhiteElo "2127"]
[BlackElo "2226"]
[PlyCount "99"]
[EventDate "2014.03.28"]
[EventType "swiss"]
[EventRounds "8"]
[EventCountry "ESP"]
[SourceTitle "EXT 2015"]
[Source "ChessBase"]
[SourceDate "2014.11.20"]
[SourceVersion "1"]
[SourceVersionDate "2014.11.20"]
[SourceQuality "1"]

1. e4 e5 2. Nf3 Nc6 3. Bb5 a6 4. Ba4 Nf6 5. 0-0 Be7 6. Re1 b5 7. Bb3 Bb7 8. d4 Nxd4 9. Bxf7+ Kf8 10. Nxe5 d6 11. Qxd4 dxe5 12. Qxd8+ Rxd8 13. Bb3 Nxe4 14. Be3 Nc5 15. Nd2 Nxb3 16. Nxb3 Kf7 17. a4 Rd5 18. axb5 Rxb5 19. Bd2 Bf6 20. Bc3 e4 21. Bxf6 gxf6 22. Ra5 Rd8 23. Rxb5 axb5 24. c3 Rd5 25. h4 f5 26. g3 Kf6 27. Kf1 c5 28. Ra1 c4 29. Nd4 b4 30. Ke2 Rd6 31. Ra5 Bc8 32. Rc5 bxc3 33. bxc3 Be6 34. Ke3 Bd5 35. Kf4 Be6 36. Rc7 h6 37. h5 Bf7 38. Nxf5 Ra6 39. g4 Bd5 40. Rc5 Ba8 41. Rxc4 Ra2 42. Kg3 Kg5 43. Ne3 Ra1 44. Rc5+ Kf6 45. Rb5 Ra3 46. c4 Kf7 47. Rb6 Kg7 48. Rd6 Rc3 49. Kf4 Kh7 50. Rd7+ 1-0

[Event "Vilafranca del Penedes op 8th"]
[Site "Vilafranca del Penedes"]
[Date "2014.04.11"]
[Round "3"]
[White "Roca Calaf, Jordi"]
[Black "Canales Garcia, Vicenc"]
[Result "1-0"]
[WhiteElo "2226"]
[BlackElo "2136"]
[PlyCount "47"]
[EventDate "2014.03.28"]
[EventType "swiss"]
[EventRounds "8"]
[EventCountry "ESP"]
[SourceTitle "EXT 2015"]
[Source "ChessBase"]
[SourceDate "2014.11.20"]
[SourceVersion "1"]
[SourceVersionDate "2014.11.20"]
[SourceQuality "1"]

1. e4 e6 2. d4 d5 3. Nc3 Nf6 4. Bg5 Bb4 5. e5 h6 6. Be3 Ne4 7. Qg4 Kf8 8. a3 Bxc3+ 9. bxc3 Nxc3 10. Bd3 b6 11. a4 Bd7 12. h4 Nxa4 13. Rh3 Nb2 14. Rg3 Nxd3+ 15. cxd3 g6 16. Nh3 Qe7 17. h5 Be8 18. hxg6 fxg6 19. Nf4 h5 20. Qf3 Kg7 21. Nxh5+ Kg8 22. Nf6+ Kg7 23. Nxe8+ Rxe8 24. Qh5 1-0

[Event "Vilafranca del Penedes op 8th"]
[Site "Vilafranca del Penedes"]
[Date "2014.04.04"]
[Round "2"]
[White "Ramirez Sanchez, Prudencio"]
[Black "Roca Calaf, Jordi"]
[Result "0-1"]
[WhiteElo "1988"]
[BlackElo "2226"]
[PlyCount "140"]
[EventDate "2014.03.28"]
[EventType "swiss"]
[EventRounds "8"]
[EventCountry "ESP"]
[SourceTitle "EXT 2015"]
[Source "ChessBase"]
[SourceDate "2014.11.20"]
[SourceVersion "1"]
[SourceVersionDate "2014.11.20"]
[SourceQuality "1"]

1. d4 Nf6 2. Nf3 c5 3. d5 b5 4. c4 bxc4 5. Nc3 g6 6. e4 d6 7. h3 Ba6 8. Be3 Qa5 9. Nd2 Nbd7 10. f4 Rb8 11. Rb1 Rxb2 12. Rc1 Nb6 13. Be2 Bg7 14. 0-0 Nh5 15. Ndb1 Ng3 16. Rf2 Nxe2+ 17. Rxe2 Rxe2 18. Qxe2 Na4 19. Bd2 Bd4+ 20. Kh1 Nxc3 21. Nxc3 0-0 22. e5 Qc7 23. e6 f5 24. h4 h5 25. Qf3 Rb8 26. Ne2 Rb2 27. Bc3 Qb6 28. Ng3 Rb1 29. Rxb1 Qxb1+ 30. Kh2 Qd3 31. Ne2 Qxf3 32. gxf3 Bxc3 33. Nxc3 Kf8 34. Kg2 Ke8 35. Kf2 Kd8 36. Ke2 Kc7 37. Kd2 Kb6 38. Kc2 Ka5 39. a3 Bb5 40. Kb2 Ba4 41. Ka2 Bc2 42. Kb2 Bd3 43. Kc1 Kb6 44. Kd2 a6 45. Ke3 Kc7 46. Kd2 Kd8 47. Ke3 Ke8 48. Kd2 Kf8 49. Na4 g5 50. fxg5 f4 51. Nc3 Bf1 52. Ke1 Bg2 53. Kf2 Bh3 54. a4 Kg7 55. a5 Kg6 56. Ke2 Kf5 57. Ne4 Ke5 58. g6 Bf5 59. g7 Bh7 60. Nc3 Kf6 61. Nb5 Kxg7 62. Nc7 Bd3+ 63. Kd2 Bf1 64. Ke1 c3 65. Kd1 Bd3 66. Na8 Kf6 67. Nc7 Ke5 68. Kc1 Be2 69. Kc2 Bxf3 70. Kxc3 Bxd5 0-1

[Event "Vilafranca del Penedes op 6th"]
[Site "Vilafranca del Penedes"]
[Date "2012.06.01"]
[Round "8"]
[White "Roca Calaf, Jordi"]
[Black "Clotet Torrelles, Ramon"]
[Result "0-1"]
[WhiteElo "2119"]
[BlackElo "1981"]
[PlyCount "58"]
[EventDate "2012.04.13"]
[EventType "swiss"]
[EventRounds "8"]
[EventCountry "ESP"]
[SourceTitle "CBM 148 Extra"]
[Source "ChessBase"]
[SourceDate "2012.06.22"]
[SourceVersion "1"]
[SourceVersionDate "2012.06.22"]
[SourceQuality "1"]

1. e4 c6 2. d4 d5 3. e5 Bf5 4. Nc3 e6 5. g4 Bg6 6. Nge2 h6 7. Nf4 Bh7 8. Bd3 Bxd3 9. Qxd3 a6 10. Be3 Nd7 11. 0-0-0 g5 12. Nh5 c5 13. f4 cxd4 14. Bxd4 gxf4 15. Rhf1 Ne7 16. Rxf4 Ng6 17. Nf6+ Nxf6 18. Rxf6 Be7 19. Rxg6 fxg6 20. Qxg6+ Kd7 21. Nxd5 exd5 22. e6+ Kc6 23. Bxh8 Qxh8 24. Qf7 Qf6 25. Rf1 Qg5+ 26. Kb1 Rf8 27. Qxf8 Bxf8 28. Rxf8 Qxg4 29. Rc8+ Kb6 0-1

[Event "Vilafranca del Penedes op 6th"]
[Site "Vilafranca del Penedes"]
[Date "2012.05.11"]
[Round "5"]
[White "Tutusaus Marrugat, Carles"]
[Black "Roca Calaf, Jordi"]
[Result "1/2-1/2"]
[WhiteElo "1945"]
[BlackElo "2119"]
[PlyCount "68"]
[EventDate "2012.04.13"]
[EventType "swiss"]
[EventRounds "8"]
[EventCountry "ESP"]
[SourceTitle "CBM 148 Extra"]
[Source "ChessBase"]
[SourceDate "2012.06.22"]
[SourceVersion "1"]
[SourceVersionDate "2012.06.22"]
[SourceQuality "1"]

1. e4 e5 2. Nc3 Nf6 3. Bc4 Nxe4 4. Qh5 Nd6 5. Qxe5+ Qe7 6. Qxe7+ Bxe7 7. Bb3 Nf5 8. Nf3 c6 9. 0-0 d5 10. Re1 0-0 11. d3 Nd7 12. Bf4 Nc5 13. h3 a5 14. g4 Bd6 15. Bxd6 Nxd6 16. d4 Nce4 17. Nxe4 Nxe4 18. c3 f5 19. Ne5 a4 20. Bc2 a3 21. Bxe4 dxe4 22. b3 fxg4 23. hxg4 Rf4 24. Kg2 g5 25. Kg3 Be6 26. Re3 Raf8 27. Re2 h5 28. gxh5 Rh4 29. Kg2 Rxh5 30. Rh1 Rxh1 31. Kxh1 Kg7 32. Kg1 Rf4 33. Re3 Kf6 34. Nc4 Bxc4 1/2-1/2

[Event "Vilafranca del Penedes op 5th"]
[Site "Vilafranca del Penedes"]
[Date "2011.04.15"]
[Round "2.6"]
[White "Oset Teixidor, Guerau"]
[Black "Roca Calaf, Jordi"]
[Result "0-1"]
[WhiteElo "1883"]
[BlackElo "2091"]
[PlyCount "104"]
[EventDate "2011.04.08"]
[EventType "swiss"]
[EventRounds "8"]
[EventCountry "ESP"]
[SourceTitle "EXT 2024"]
[Source "ChessBase"]
[SourceDate "2023.10.10"]
[SourceVersion "1"]
[SourceVersionDate "2023.10.10"]
[SourceQuality "1"]

1. e4 e5 2. Nf3 Nc6 3. Bc4 Nf6 4. Ng5 d5 5. exd5 Nd4 6. c3 b5 7. Bf1 Nxd5 8. Ne4 Qh4 9. Ng3 Bg4 10. f3 Nf5 11. Bxb5+ Kd8 12. 0-0 Bc5+ 13. d4 exd4 14. Nxf5 Bxf5 15. cxd4 Bd6 16. f4 Nxf4 17. Bxf4 Bxf4 18. h3 Bxh3 19. Qf3 Bh2+ 20. Kh1 Bc8 21. Qd5+ Bd6+ 22. Kg1 Bb7 23. Qf5 Qh2+ 24. Kf2 Qxg2+ 25. Ke1 Bc8 26. Qxf7 Bg4 27. Rf2 Qe4+ 28. Kd2 Qxd4+ 29. Kc2 Qe4+ 30. Bd3 Qc6+ 31. Nc3 Rf8 32. Qxf8+ Bxf8 33. Rxf8+ Ke7 34. Be4 Qxe4+ 35. Nxe4 Rxf8 36. Nc3 Rf2+ 37. Kb3 Be6+ 38. Ka3 h5 39. Rg1 Kf7 40. Nb5 h4 41. Nxc7 h3 42. Nxe6 Kxe6 43. Rxg7 h2 44. Rh7 Kf6 45. b3 Kg6 46. Rh3 Kg5 47. Rh8 Kg4 48. Rh7 Kg3 49. Rg7+ Kf3 50. Rf7+ Kg2 51. Rg7+ Kf1 52. Rh7 Kg1 0-1

[Event "Vilafranca del Penedes op 4th"]
[Site "Vilafranca del Penedes"]
[Date "2010.05.28"]
[Round "7.5"]
[White "Roca Calaf, Jordi"]
[Black "Vilella Bertran, Joan"]
[Result "1/2-1/2"]
[WhiteElo "2082"]
[BlackElo "1923"]
[PlyCount "94"]
[EventDate "2010.04.16"]
[EventType "swiss"]
[EventRounds "8"]
[EventCountry "ESP"]
[SourceTitle "EXT 2024"]
[Source "ChessBase"]
[SourceDate "2023.10.10"]
[SourceVersion "1"]
[SourceVersionDate "2023.10.10"]
[SourceQuality "1"]

1. e4 e6 2. d4 d5 3. Nc3 Bb4 4. Qd3 dxe4 5. Qxe4 Nf6 6. Qh4 Qd5 7. Bd2 Bxc3 8. bxc3 Qe4+ 9. Qxe4 Nxe4 10. Nf3 Nd7 11. Bd3 Ndf6 12. Ne5 0-0 13. Rb1 b6 14. f3 Nxd2 15. Kxd2 Rd8 16. Rhe1 Bb7 17. g3 Rac8 18. Bb5 c6 19. Bc4 c5 20. Kd3 Rd6 21. Rbd1 Rcd8 22. Ke3 Bd5 23. Rd3 Bxc4 24. Nxc4 cxd4+ 25. Rxd4 Nd5+ 26. Kd2 Rc6 27. Ne3 Rcd6 28. Nc4 Rc6 29. Ne3 Rdc8 30. Nxd5 exd5 31. Rxd5 Rxc3 32. Re8+ Rxe8 33. Kxc3 g6 34. a4 Rc8+ 35. Kd3 Rc7 36. c4 Kg7 37. Kd4 Kf6 38. a5 Ke6 39. axb6 axb6 40. f4 f6 41. g4 Rc6 42. h4 Rd6 43. f5+ gxf5 44. gxf5+ Ke7 45. h5 h6 46. Ke4 Rc6 47. Kd4 Rd6 1/2-1/2

[Event "Vilafranca del Penedes op 4th"]
[Site "Vilafranca del Penedes"]
[Date "2010.05.21"]
[Round "6.1"]
[White "Rojas Keim, Luis Alberto"]
[Black "Roca Calaf, Jordi"]
[Result "1-0"]
[WhiteElo "2421"]
[BlackElo "2082"]
[PlyCount "45"]
[EventDate "2010.04.16"]
[EventType "swiss"]
[EventRounds "8"]
[EventCountry "ESP"]
[SourceTitle "EXT 2024"]
[Source "ChessBase"]
[SourceDate "2023.10.10"]
[SourceVersion "1"]
[SourceVersionDate "2023.10.10"]
[SourceQuality "1"]

1. d4 c5 2. d5 b5 3. e4 a6 4. a4 b4 5. f4 g6 6. Nf3 d6 7. Bc4 Bg7 8. 0-0 Nd7 9. a5 Ngf6 10. e5 Ne4 11. Qe2 f5 12. Nbd2 Nxd2 13. Bxd2 Qc7 14. Ng5 Nf8 15. Rae1 h6 16. Nf3 Bb7 17. c3 Rb8 18. cxb4 cxb4 19. Bxb4 Bxd5 20. exd6 Qa7+ 21. Kh1 Rxb4 22. Bxd5 Bxb2 23. dxe7 1-0

[Event "Vilafranca del Penedes op 4th"]
[Site "Vilafranca del Penedes"]
[Date "2010.04.16"]
[Round "1.8"]
[White "Torrallardona Raventos, Marti"]
[Black "Roca Calaf, Jordi"]
[Result "0-1"]
[WhiteElo "1686"]
[BlackElo "2082"]
[PlyCount "20"]
[EventDate "2010.04.16"]
[EventType "swiss"]
[EventRounds "8"]
[EventCountry "ESP"]
[SourceTitle "EXT 2024"]
[Source "ChessBase"]
[SourceDate "2023.10.10"]
[SourceVersion "1"]
[SourceVersionDate "2023.10.10"]
[SourceQuality "1"]

1. e4 e5 2. Nf3 Nc6 3. d4 exd4 4. Nxd4 Bc5 5. Nxc6 Qf6 6. Qe2 bxc6 7. Bd2 Qxb2 8. Qd1 Qd4 9. Qf3 Qxa1 10. Bc3 Bb4 0-1

[Event "Vilafranca del Penedes op 3rd"]
[Site "Vilafranca del Penedes"]
[Date "2009.06.12"]
[Round "8.6"]
[White "Garcia Jimenez, Francisco Javier"]
[Black "Roca Calaf, Jordi"]
[Result "1-0"]
[WhiteElo "2188"]
[BlackElo "2098"]
[PlyCount "67"]
[EventDate "2009.04.17"]
[EventType "swiss"]
[EventRounds "8"]
[EventCountry "ESP"]
[SourceTitle "EXT 2024"]
[Source "ChessBase"]
[SourceDate "2023.10.10"]
[SourceVersion "1"]
[SourceVersionDate "2023.10.10"]
[SourceQuality "1"]

1. e4 e5 2. Nf3 Nc6 3. d4 exd4 4. Nxd4 Bc5 5. Nb3 Bb6 6. Nc3 Nf6 7. Bg5 h6 8. Bh4 d6 9. Bd3 g5 10. Bg3 Qe7 11. Qd2 Ne5 12. 0-0-0 a6 13. Rhe1 Be6 14. Nd5 Nxd5 15. exd5 Bxd5 16. Bb5+ axb5 17. Bxe5 dxe5 18. Qxd5 c6 19. Qxe5 Qxe5 20. Rxe5+ Kf8 21. Rd7 Rd8 22. Nc5 Kg7 23. Ne6+ Kf6 24. Nxd8 Kxe5 25. Nxf7+ Ke6 26. Rxb7 Rf8 27. Rxb6 Rxf7 28. Rxc6+ Kd5 29. Rxh6 Rxf2 30. Rh5 Rxg2 31. h4 Kc4 32. Rxg5 Rh2 33. Rg4+ Kc5 34. b3 1-0

[Event "Catalunya-ch"]
[Site "Barcelona"]
[Date "2007.04.08"]
[Round "8"]
[White "Roca Calaf, Jordi"]
[Black "Gonzalez Garcia, Sergi"]
[Result "1-0"]
[WhiteElo "2083"]
[BlackElo "1874"]
[PlyCount "85"]
[EventDate "2007.04.01"]
[EventType "swiss"]
[EventRounds "9"]
[EventCountry "ESP"]
[SourceTitle "CBM 117 Extra"]
[Source "ChessBase"]
[SourceDate "2007.05.09"]
[SourceVersion "1"]
[SourceVersionDate "2007.05.09"]
[SourceQuality "1"]

1. e4 e5 2. f4 d5 3. exd5 e4 4. d3 Nf6 5. dxe4 Nxe4 6. Nf3 Bc5 7. Qe2 Bf5 8. Nc3 Qe7 9. Be3 Nxc3 10. Bxc5 Qxe2+ 11. Bxe2 Nxe2 12. Kxe2 Na6 13. Ba3 0-0-0 14. c4 Rhe8+ 15. Kf2 Re4 16. Rac1 Rxf4 17. g3 Re4 18. Ng5 Ree8 19. Nxf7 Rd7 20. Ng5 h6 21. Nf3 Rf7 22. Rhe1 Rxe1 23. Rxe1 Bg4 24. Re8+ Kd7 25. Rf8 Rxf8 26. Bxf8 Bf5 27. Ke3 g6 28. Ne5+ Ke8 29. Bxh6 Nb4 30. g4 Bb1 31. a3 Nc2+ 32. Kd2 Nd4 33. Be3 c5 34. Bxd4 cxd4 35. Nf3 Kd7 36. Nxd4 Kd6 37. Ke3 a6 38. h4 Ke5 39. Nf3+ Kd6 40. Kd4 b6 41. b4 Bc2 42. h5 gxh5 43. gxh5 1-0

[Event "Catalunya-chT"]
[Site "Spain"]
[Date "2004.??.??"]
[Round "6"]
[White "Roca Calaf, Jordi"]
[Black "Brunet Martinez, Josep"]
[Result "0-1"]
[WhiteElo "2205"]
[BlackElo "2235"]
[PlyCount "68"]
[EventDate "2004.??.??"]
[EventType "team"]
[EventRounds "9"]
[EventCountry "ESP"]
[SourceTitle "EXT 2007"]
[Source "ChessBase"]
[SourceDate "2006.11.23"]
[SourceVersion "1"]
[SourceVersionDate "2006.11.23"]
[SourceQuality "1"]

1. e4 c5 2. d4 cxd4 3. c3 Nf6 4. e5 Nd5 5. Nf3 e6 6. cxd4 b6 7. Nc3 Nxc3 8. bxc3 Qc7 9. Bd2 d6 10. Bd3 Nd7 11. Ng5 Bb7 12. Qh5 g6 13. exd6 Qxd6 14. Qh4 Bg7 15. Be4 Bd5 16. Bxd5 Qxd5 17. 0-0 Nf6 18. Rfe1 0-0 19. Re3 h6 20. Nf3 g5 21. Qg3 Ne4 22. Qh3 f5 23. g4 fxg4 24. Qxg4 Rf4 25. Qh5 Nf6 26. Qh3 g4 27. Qg3 Rxf3 28. Rxf3 Qxf3 29. Qd6 Rf8 30. Qxe6+ Rf7 31. Rf1 Ne4 32. Be1 Ng5 33. Qc8+ Bf8 34. h4 gxh3 0-1